| 000 | 00379cam a2200145ua 4500 | ||
|---|---|---|---|
| 041 |
_aeng _h |
||
| 082 |
_a828.09 _bLUC/DE |
||
| 100 | _aLucas, F L . | ||
| 245 |
_aDecline and fall of the romantic ideal / _cF L Lucas. _hTextual Documents |
||
| 260 |
_aCambridge : _bCambridge University Press , _c1963. |
||
| 300 | _a236 ; . | ||
| 504 | _a | ||
| 942 | _cBK | ||
| 999 |
_c6862 _d6862 |
||